=LDR 00000nam 2200000 4500 =001 INLIS000000000023927 =005 20130612122539 =008 ***********************************Ind** =035 ##$$0010-061300000023927 =041 ##$$a Ind =082 ##$$a 306.095 =090 ##$$a 306.095, Suj r =100 ##$$a Sujanto =245 ##$$a Reorentasi renitalisasi pandangan hidup, Sujanto =260 ##$$a 1992 $b Semarang =300 ##$$a 127 hlm, 21 cm =650 ##$$a Kebudayaan Jawa =850 ##$$a NBPNMAT